00735nam a2200217 a 450000100100000000500170001000800410002702000150006804000250008308200150010810000280012324500630015126000410021430000280025549000170028370000280030070000350032883000240036395201130038799900170050000003547120200930074351.0111101s1999 sp a 000 0 spa d a8430592342 aDO-SdBNPbspacBNPHU axxxxbxxxx1 aÉgé, Monique96133310aMasaje para adelgazar /cMonique Égé, Elizabeth Mayar. aBarcelona, :bSusaetabTikal,c1999. a182 p. :bil. ;c21 cm.1 aNaturismov11 aMayar, Elizabeth9613341 aArrabal, Victoria,etr.961335 0aNaturismon1961336 001050718MOaGRbGRcHDd2011-11-01iLF1l0oxxxx xxxxp35471-10r2020-06-25w2020-06-25y1ZNo se presta c34962d34962